000 00186 a2200097 4500
001 27733
100 _aBlythe, P
245 _aStress
260 _a
_bPan Books
_c
090 _c18515
_d18515
942 _aNUST-CAE
_cM
_c9464
999 _c262806
_d262806